Computational methods for matrix eigenproblems
Saved in:
| Main Author: | |
|---|---|
| Other Authors: | |
| Format: | Book |
| Language: | English |
| Published: |
Chichester :
John Wiley,
c1973
|
| Subjects: | |
| Tags: |
Add Tag
No Tags, Be the first to tag this record!
|
MARC
| LEADER | 00000nam a2200000 i 4500 | ||
|---|---|---|---|
| 001 | 1/55249 | ||
| 008 | 981021s1973 eng d | ||
| 020 | |a 0-471-27586-7 | ||
| 035 | |l 10045234 | ||
| 040 | |a GR-MY-UA |b gre |e aacr | ||
| 041 | 0 | |a eng | |
| 082 | 0 | |a 512.943 | |
| 100 | 1 | |a Gourlay, Adrian R. | |
| 245 | 1 | 0 | |a Computational methods for matrix eigenproblems / |c A. R. Gourlay, G. A. Watson |
| 260 | |a Chichester : |b John Wiley, |c c1973 | ||
| 300 | |a xi, 130 p.; |c 23 cm. | ||
| 500 | |a Includes index and bibliography | ||
| 650 | 0 | 0 | |a Matrices. |
| 650 | 0 | 0 | |a Eigenvalues. |
| 650 | 0 | 0 | |a Eigenvectors. |
| 700 | 1 | |a Watson, G. A. | |
| 852 | |a INST |b SAMOS |e 19981021 |h 512.943 GOU |p 005300010333 |q 005300010333 |t BK |y 0 | ||
| 901 | |a BIBL-1998-3 | ||
| 909 | |a Σ |b 057712 | ||
| 922 | |a 3ΕΛΗ |b 199810 |c ΔΩΡ | ||